Yargıtay'ın İş Hukuku ve Sosyal Güvenlik Hukuku kararlarının değerlendirilmesi 2011 (Record no. 6475)

MARC details
000 -BAŞLIK
Sabit Uzunlukta Kontrol Alanı 00968na a2200253 4500
001 - KONTROL NUMARASI
Denetim Alanı 17104
003 - KONTROL NUMARASI IDENTIFIER
Denetim Alanı MIRAKIL
005 - SON İŞLEM TARİHİ VE ZAMANI
Denetim Alanı 20181213155109.0
008 - SABİT-BOY VERİ ELEMANLARI - GENEL BİLGİLER
Sabit Uzunlukta Kontrol Alanı 161022b tu 000 0
020 ## - ULUSLARARASI STANDART KİTAP NUMARASI
Uluslararası Standart Kitap Numarası 9789756505243
035 ## - SİSTEM KONTROL NUMARASI
Sistem Kontrol Numarası 17104
040 ## - KATALOGLAMA KAYNAK
Orijinal Kataloglama Ajansı Milas
Kataloglama Dili tur
Metne Dönüştürmek Ajansı TR-AnCHP
041 ## - DİL KODU
Metin / Ses Parça Veya Ayrı Başlığın Dil Kodu tur
082 ## - DEWEY ONLU SINIFLANDIRMA NUMARASI
Sınıflandırma Numarası 344.0102643
Ürün Numarası Y26y 2013
090 ## - SINIFLAMA NUMARASI
Sınıflama Numarası 344.0102643 Y26y 2013
111 ## - ANA GİRİŞ - TOPLANTI ADI
Giriş Elemanı Olarak Toplantı Adı Veya Yargı Alanı Adı Yargıtay'ın İş Hukuku ve Sosyal Güvenlik Hukuku Kararlarının Değerlendirilmesi 2011
245 ## - BAŞLIK TABLOSU
Başlık Yargıtay'ın İş Hukuku ve Sosyal Güvenlik Hukuku kararlarının değerlendirilmesi 2011
Sorumluluk Tablosu, Vb İş Hukuku ve Sosyal Güvenlik Hukuku Derneği
260 ## - YAYIN, DAĞITIM, VB
Yayın, Dağıtım, Vb Yeri Ankara
Yayıncı, Dağıtıcı, Vs Adı Kamu İşletmeleri İşverenler Sendikası (KAMU-İŞ)
300 ## - FİZİKSEL TANIM
Kapsam v, 572 s.
Boyutlar 24 sm.
610 ## - KONU KATMA GİRİŞ - TOPLANTI ADI
Giriş Elemanı Olarak Kurumsal Ad Veya Yargı Alanı Adı Yargıtay
Genel Alt Bölüm Mahkeme kararları
Kronolojik Alt Bölüm 2011
Coğrafi Alt Bölüm Sosyal güvenlik hukuku
610 ## - KONU KATMA GİRİŞ - TOPLANTI ADI
Giriş Elemanı Olarak Kurumsal Ad Veya Yargı Alanı Adı Yargıtay
Genel Alt Bölüm Mahkeme kararları
Kronolojik Alt Bölüm 2011
Coğrafi Alt Bölüm İş hukuku
710 ## - KATMA GİRİŞ - KURUMSAL ADI
Giriş Elemanı Olarak Kurumsal Ad Veya Yargı Alanı Adı İş Hukuku ve Sosyal Güvenlik Hukuku Derneği
942 ## - EKLENDİ GİRİŞ ELEMANLARI (KOHA)
Sınıflandırma Veya Raf Düzeni Kaynak
Koha Öğesi Türü Books
999 ## - SİSTEM KONTROL NUMARALARI (KOHA)
Koha Biblionumber 6475
Koha Biblioitemnumber 6475
Holdings
Kalıcı Konum Mevcut Konum Edinme Tarihi Edinim Kaynak Toplam Check-Out'Lar Tam Çağrı Numarası Barkod Tarih Son Görülme İtibaren Geçerli Fiyatlar Koha Öğesi Türü
CHP Kütüphanesi CHP Kütüphanesi 10/22/2016 Bağış   344.0102643 Y26y 2013 005457 10/22/2016 10/22/2016 Books